|
|
|
|
| LEADER |
00000nam0a2200000 4500 |
| 001 |
232345 |
| 005 |
20231101231149.0 |
| 035 |
|
|
|a (RuTPU)RU\TPU\book\253382
|
| 090 |
|
|
|a 232345
|
| 100 |
|
|
|a 20130212d1966 k y0rusy50 ca
|
| 101 |
1 |
|
|a rus
|c eng
|
| 102 |
|
|
|a RU
|
| 105 |
|
|
|a a z 001zy
|
| 200 |
1 |
|
|a Проблемы эндогенных месторождений
|h Вып. 3
|e сборник статей
|e пер. с англ.
|
| 210 |
|
|
|a Москва
|c Мир
|d 1966
|
| 215 |
|
|
|a 352 с.
|c ил.
|
| 320 |
|
|
|a Библиография в конце статей
|
| 606 |
1 |
|
|a Горные породы, изверженные
|2 stltpush
|3 (RuTPU)RU\TPU\subj\8111
|9 35597
|
| 606 |
1 |
|
|a Рудные (металлоносные) месторождения
|2 stltpush
|3 (RuTPU)RU\TPU\subj\26025
|9 50044
|
| 610 |
1 |
|
|a сульфидные системы
|
| 610 |
1 |
|
|a исследование
|
| 610 |
1 |
|
|a пирит
|
| 610 |
1 |
|
|a пирротин
|
| 610 |
1 |
|
|a равновесные отношения
|
| 610 |
1 |
|
|a фазовые отношения
|
| 610 |
1 |
|
|a металлы
|
| 610 |
1 |
|
|a летучие соединения
|
| 675 |
|
|
|a 552.3
|v 3
|
| 675 |
|
|
|a 553.3/4
|v 3
|
| 801 |
|
1 |
|a RU
|b 63413507
|c 20130212
|
| 801 |
|
2 |
|a RU
|b 63413507
|c 20161111
|g RCR
|
| 942 |
|
|
|c BK
|